Datum a čas kvízu

24.5 Celkem bodů Celkový počet nahraných bodů na tomto kvízu bez doplňovacích otázek.
9. Pořadí na kvízu Konečné umístění týmu na tomto kvízu.

Zaznamenané odpovědi

# Otázka Odpověď Body Výsledky
1. Minulý týden kolovaly internet... B 1
2. Běloruský vůdce Alexandr Lukaš... B 1
3. Minulý týden proběhlo internet... Bílý balet 0
4. Nobelovu cenu za fyziku letos... C) teleportace 1
5. Minulý týden hostila pražská O... San Jose Sharks, Nashville Predators 1
6. Podívejme se nejprve na velblo... C 0
7. Přiřaďte správné výrazy k jeji... 1B 2D 3C 4A 0
8. Jeden známý biblický příměr ml... uchem jehly 1
9. Tři veteráni jsou pohádková kl... Rudolf Hrušínský 1
10. Velblouda má ve znaku město Pl... husitům (sirotkům) 0